000 00555nam a2200157 a 4500
001 000039444
005 20250217091458.0
008 130628s1993 dr ac r 000 0 spa d
040 _aDO-SdBNP
_bspa
_cBNPHU
082 _axxxx
_bR666e
100 1 _aRobles Toledano, Oscar Antonio
_965653
245 1 0 _aEn tertulia /
_cOscar Antonio Robles Toledano ; prólogo Nicolás de Jesús López Rodríguez.
260 _aSanto Domingo :
_bCorripio,
_c1993.
300 _a123 p. :
_bil. ;
_c24 cm.
700 1 _a López Rodríguez, Nicolás de Jesús,
_d1936-
_epról.
_9670
999 _c38934
_d38934